000 02487nam a22002177a 4500
999 _c6269
_d6269
003 AR-CdUCM
008 190314b ||||| |||| 00| 0 spa d
040 _aMUNICIPALIDAD PROVINCIAL DEL CUSCO
_cBIBLIOTECA MUNICIPAL DEL CUSCO
082 _a030 /
_bN89
110 _aEditorial Richards - Panamá
_918017
245 _aNueva enciclopedia temática :
_bel mundo del estudiante /
260 _aMéxico :
_bRichards,
_c1966.
300 _a14 tomos ;
_c25 cm.
505 _aContenido : t.1: Historia de la tierra -- Historia de los cielos -- Historia del clima -- La leyes del universo -- La conquista del espacio -- t.2: Química y física nuclear -- El archivo de las rocas -- Historia de la vida de las plantas -- El reino animal -- Historia de la vida en el mar -- t.3: La vida en ríos y arroyos -- Seres con muchas patas -- El mundo de los insectos -- Las arañas -- Los anfibios -- t.4: Los mamíferos -- Maravillas del cuerpo humano -- Conservación de la vida humana -- t.5: Historia de la agricultura -- Animales que dan alimento -- Historia del vestido -- Viviendas mas confortables -- Minerales y metales -- t.6: Las artes y los oficios -- Cómo los hombres se comunican entre sí -- Historia de los transportes -- t.7: Historia de las pesas y medidas -- Historia de las técnicas -- La electricidad -- La electrónica -- Hombre y sociedad de siglo XX -- t.8: Hostoria antigua: prehistoria, Egipto, Asia occidental, Grecia, Roma -- mitología -- t.9: Historia de la edad media -- Historia de Europa:Italia, islas mediterráneas, Francia, Suiza, Austria, Hungría, Checoslovaquia -- t.10: Historia de Europa (continuación): Alemania, Inglaterra, Irlanda, Holanda, Bélgica... -- t.11: Historia de las regiones árticas -- Historia de Canadá -- Historia de los esquimales -- Historia de Estados Unidos -- Primera y segunda guerras mundiles -- La ONU y la postguerra -- Historia del mundo islamico -- Historia de Asia -- Historia del arte oriental -- Historia del nóvisimo continente. -- t.12: Historia de España -- El mundo Indio -- Descubrimiento y conquista -- La colonia -- La independencia -- Las naciones hispanoamericanas -- Historia de Portugal -- Historia de Brasil - Historia de las regiones antárticas. -- t.13: Antología literaria -- Entretenimientos -- Deportes. -- t.14: Índice.
650 _aEnciclopedias
_96681
650 _aHistoria
_9136
650 _aCiencias naturales
_910176
650 _aGeneralidades
_918018
942 _2ddc
_cLIBROS
945 _azta